01016nam a2200229 a 450000100100000000500170001000800410002704000250006808200200009310000380011324500470015126000570019830000200025559000260027565000280030165000310032991000390036095201300039995201180052995201240064799900150077100001000420240412074214.0091002s1913 dr 000 p spa d aDO-SdBNPbspacBNPHU aRD861.42bP438f1 aPérez Alfonseca, Ricardo92494810aFinis patria /cRicardo Pérez Alfonseca. aSanto Domingo de Guzmán :bViuda de Roques,c1913. a28 p. ;c20 cm. aInventariado, 2018/VM 0aPoesía dominicana966 0aLiteratura dominicana.967 aValidado. Control de calidad BNPHU 001154708RVaGRbGRcMId2011-06-15iLF1l0oRD861.42 P438fp10004-30r2020-06-25te. 3w2020-06-25y4ZPréstamo en sala 001050718RVaPDbPDcHDd2009-10-02iLF1l0oRD861.42 P438fp10004-10r2020-06-25w2020-06-25y1ZNo se presta 001050718RVaPDbPDcHDd2011-04-18iLF1l0oRD861.42 P438fp10004-20r2020-06-25te. 2w2020-06-25y1ZNo se presta c9763d9763